1594 1528 1824 1907 1569 1752 1562 1590 1516 1946 1214 1518 1921 1231 1444 1246 1111 1736 1948 1465 1494 1609 1945 1310 1063 1549 1864 1594 1207 1687 1984 1689 1709 1030 1066 1172 1713 1617 1981 1117 1182 1321 1734 1831 1740 1592 1452 1818 1706 1817 1344 1333 1771 1714 1877 1795 1498 1105 1030 1172 1455 1494 1045 1067 1160 1523 1874 1561 1806 1395 1106 1742 1306 1836 1784 1107 1773 1145 1913 1569 1097 1576 1948 1615 1411 1435 1199 1121 1023 1842 1967 1045 1550 1557 1404 1535 1217 1471 1248 BCNSPRNW ULIB Ver.6.0+V

เปลี่ยนเป็นภาษาไทย

Change to English
 แสดงรายละเอียดบรรณานุกรม
  กลับหน้าหลัก

Brief Record : Get Marc (ISO 2709) : E-mail record : QR code < ปิดหน้าต่าง
LEADER : 00000nam 2200000uu 4500
001    13399127297
003     ULIB
008    200408s2561||||th 000 0 tha d
020    ^a9786164432802
060  4 ^aWV150^bร191
245 00 ^aโรคหู คอ จมูกที่พบบ่อยในผู้ป่วยเด็ก = Common ear nose & throat diseases in children /^cบรรณาธิการ, กิติรัตน์ อังกานนท์
246 31 ^aCommon ear nose & throat diseases in children
250    ^aพิมพ์ครั้งที่ 1
260    ^aกรุงเทพฯ :^bภาควิชาโสต นาสิก ลาริงซ์วิทยา คณะแพทยศาสตร์ศิริราชพยาบาล มหาวิทยาลัยมหิดล,^c2561
300    ^a(16), 296 หน้า :^bภาพประกอบสี, แผนภูมิ ;^c27 ซม
504    ^aบรรณานุกรมท้ายบทและดรรชนีท้ายเล่ม
505 0  ^a... อาการวิทยาของโรคหู คอ จมูก ที่พบบ่อยในผู้ป่วยเด็ก ... หูชั้นกลางอักเสบเฉียบพลัน และหูชั้นกลางมีนํ้าขัง ... พยาธิกำเนิดของหูชั้นกลางอักเสบ ... หูชั้นกลางอักเสบเฉียบพลัน ... หูชั้นกลางอักเสบมีนํ้าขัง ... การตรวจแก้วหูด้วย pneumatic otosopy และ pneumatic otoendoscopy ... การผ่าตัดเจาะแก้วหู (myringotomy) ... กายวิภาค และหน้าที่ของต่อมทอนซิล ... ต่อมทอนซิลอักเสบ ... Peritonsillar abscess ... ต่อมทอนซิลโตกับการอุดกั้นทางเดินหายใจ ... การผ่าตัดต่อมทอนซิล ... กายวิภาคและหน้าที่ของต่อมอดีนอยด์ ... ความสัมพันธ์ของต่อมอดีนอยด์กับโรคระบบทางเดินหายใจส่วนตันในเด็ก ... โรคต่อมอดีนอยด์อักเสบและต่อมอดีนอยด์โต ... การประเมินขนาดของต่อมอดีนอยด์ ... การรักษาโรคของต่อมอดีนอยด์ ... กายวิภาคและการเจริญเติบโตของไซนัส ... พยาธิกำเนิดของโรคไซนัสอักเสบ ... การวินิจฉัยโรคไซนัสอักเสบในเด็ก ... การรักษาโรคไซนัสอักเสบในเด็ก ... ภาวะแทรกซ้อนของโรคไซนัสอักเสบ
650  2 ^aOtorhinolaryngologic Diseases
650  2 ^aChild
650  7 ^aหูคอจมูก, โรค
650  7 ^aเด็ก, โรค^xการรักษา
700 0  ^aกิติรัตน์ อังกานนท์,^eบรรณาธิการ
710 2  ^aมหาวิทยาลัยมหิดล.^bคณะแพทยศาสตร์ศิริราชพยาบาล
710 2  ^aมหาวิทยาลัยมหิดล.^bภาควิชาโสต นาสิก ลาริงซ์วิทยา
856    ^a^zTable of Contents (Content)^uhttp://192.168.65.150:80/ULIB//_fulltext/Content/129783/20200123145831_1402.pdf
945    ^p1199^l0^i006725
945    ^p1199^l0^i006726
945    ^p1199^l0^i006727
945    ^p1199^l0^i006728
945    ^p1199^l0^i006729
999    ^aประนอม เกษจรัล
รายการนี้ยังไม่มีแท็ก
คุณยังไม่ได้ล็อกอิน คุณสามารถมีกิจกรรมร่วมกับเว็บไซต์ได้ แต่ต้องล็อกอินก่อน ::
  ล็อกอิน

รายการสื่อสารสนเทศ

ลำดับที่ ประเภท เลขเรียก/บาร์โค้ด สถานที่ สถานะ
1. วิทยาศาสตร์การแพทย์ และสุขภาพ
หนังสือสำรอง
สถานะ=หนังสือสำรอง
WV150 ร191 ฉ.1 
  Barcode: 006725
ห้องสมุดวิทยาเขตสวรรค์ประชารักษ์
►หนังสือทั่วไป
บนชั้น
2. วิทยาศาสตร์การแพทย์ และสุขภาพ
วิทยาศาสตร์การแพทย์ และสุขภาพ
WV150 ร191 ฉ.2 
  Barcode: 006726
ห้องสมุดวิทยาเขตสวรรค์ประชารักษ์
►หนังสือทั่วไป
บนชั้น
3. วิทยาศาสตร์การแพทย์ และสุขภาพ
วิทยาศาสตร์การแพทย์ และสุขภาพ
WV150 ร191 ฉ.3 
  Barcode: 006727
ห้องสมุดวิทยาเขตสวรรค์ประชารักษ์
►หนังสือทั่วไป
บนชั้น
4. วิทยาศาสตร์การแพทย์ และสุขภาพ
วิทยาศาสตร์การแพทย์ และสุขภาพ
WV150 ร191 ฉ.4 
  Barcode: 006728
ห้องสมุดวิทยาเขตสวรรค์ประชารักษ์
►หนังสือทั่วไป
บนชั้น
5. วิทยาศาสตร์การแพทย์ และสุขภาพ
วิทยาศาสตร์การแพทย์ และสุขภาพ
WV150 ร191 ฉ.5 
  Barcode: 006729
ห้องสมุดวิทยาเขตสวรรค์ประชารักษ์
►หนังสือทั่วไป
บนชั้น

รายการใกล้เคียง
    หัวเรื่อง [Otorhinolaryngologic Diseases]
    หัวเรื่อง [Child]
    หัวเรื่อง [หูคอจมูก, โรค]

BibComment


ยังไม่เคยถูกคอมเมนท์

คอมเมนท์ทรัพยากรรายการนี้
  คอมเมนท์: โรคหู คอ จมูกที่..


 Copyright 2026. Bcnsprnw @Library